000 01121 a2200241 4500
005 20080916143039.0
008 080916t xxu||||| |||| 00| 0 hin d
010 _aHIN-81612
020 _a8190215248
_c60.00
035 _aHN-53958
037 _bपु.प्र.अ.प्र / प्रका.
082 _a821
100 _aश्रीकान्त प्रसून
245 _aदंश/
_cश्रीकान्त प्रसून
246 _aDansh
_bby Shrikant Pranshun
260 _aदिल्ली
_bप्रवीण प्रकाशन
_c2006
270 _aहाउस नं.568,,डा मुखर्जी नगर
_bदिल्ली
_e110009
300 _a80पृ
_c22 सेमी(सजिल्द)
650 _aहिन्दी कविताएँ
650 _aHindi Poems
942 _adpl
_cHN
_k821 / श्रीकान्त
_2ddc
_h821
_m श्रीकान्त
999 _c8751
_d8751